| 000 | 00341nam a2200121Ia 4500 | ||
|---|---|---|---|
| 005 | 20251222154326.0 | ||
| 008 | 251222s9999||||xx |||||||||||||| ||spa|| | ||
| 020 | _a84-7133-745-2 | ||
| 082 | _a372.4/P84 | ||
| 100 | _a"Prado Aragonés, Josefina" | ||
| 245 | 0 | _aDidéctica de la lengua y la literatura para educar en el siglo XXI | |
| 942 | _cLIB | ||
| 999 |
_c33955 _d33955 |
||